Loading...
Ancient History and Archaeology | 4 | 10.00 | 75% | 25% | 0% |
Beliefs | 8 | 8.75 | 75% | 0% | 13% |
British and Commonwealth History | 3 | 13.33 | 100% | 33% | 0% |
Current Events | 2 | 15.00 | 100% | 50% | 0% |
Fine Arts - Auditory Fine Arts | 4 | 12.50 | 100% | 25% | 0% |
Fine Arts - Visual Fine Arts | 5 | 12.00 | 80% | 40% | 0% |
Geography | 1 | 10.00 | 100% | 0% | 0% |
History - American History | 3 | 10.00 | 100% | 0% | 0% |
History - European History | 3 | 16.67 | 100% | 33% | 33% |
History - World History | 4 | 15.00 | 100% | 50% | 0% |
Literature - American Literature | 6 | 10.00 | 83% | 17% | 0% |
Literature - British Literature | 4 | 7.50 | 50% | 0% | 25% |
Literature - European Literature | 6 | 8.33 | 83% | 0% | 0% |
Other Academic | 1 | 0.00 | 0% | 0% | 0% |
Other Arts: Auditory | 2 | 15.00 | 100% | 50% | 0% |
Other Arts: Visual | 1 | 10.00 | 100% | 0% | 0% |
Other Science: Astronomy | 1 | 20.00 | 100% | 100% | 0% |
Other Science: Computer Science | 2 | 0.00 | 0% | 0% | 0% |
Other Science: Earth Science | 2 | 10.00 | 100% | 0% | 0% |
Other Science: Math | 1 | 10.00 | 100% | 0% | 0% |
Philosophy | 3 | 13.33 | 100% | 0% | 33% |
Science - Biology | 6 | 6.67 | 67% | 0% | 0% |
Science - Chemistry | 6 | 10.00 | 83% | 0% | 17% |
Science - Physics | 4 | 10.00 | 100% | 0% | 0% |
Social Science | 2 | 15.00 | 100% | 50% | 0% |
World and Other Literature | 3 | 10.00 | 67% | 33% | 0% |